Один мир для всех: Контуры глобального сознания: пер. с нем.

Λεπτομέρειες βιβλιογραφικής εγγραφής
Γλώσσα:Ρωσικά
Έκδοση: Москва, Прогресс, 1990
Θέματα:
Μορφή: Βιβλίο
KOHA link:https://koha.lib.tpu.ru/cgi-bin/koha/opac-detail.pl?biblionumber=18492

MARC

LEADER 00000nam0a2200000 4500
001 18492
005 20231101205217.0
010 |a 5010033321 
035 |a (RuTPU)RU\TPU\book\18642 
035 |a BOOK00003330 
090 |a 18492 
100 |a 20011209d1990 km y0rusy50 ca 
101 1 |a rus  |c ger 
102 |a RU 
105 |a y z 000zy 
200 1 |a Один мир для всех: Контуры глобального сознания  |e пер. с нем. 
210 |a Москва  |c Прогресс  |d 1990 
215 |a 215 с. 
606 1 |a Глобальные проблемы  |x Международные отношения  |2 stltpush  |3 (RuTPU)RU\TPU\subj\7364  |9 35042 
610 1 |a экономика 
610 1 |a политика 
610 1 |a глобальное сознание 
610 1 |a политическое мышление 
610 1 |a экология 
686 |a Ф4(0)3  |v LBC/SL-A  |2 rubbk 
686 |a У50  |v LBC/SL-A  |2 rubbk 
801 0 |a RU  |b 63413507  |c 20011209  |g PSBO 
801 2 |a RU  |b 63413507  |c 20201117  |g PSBO 
942 |c BK